Michel de Certeau : Interpretation and Its Other /

Kaydedildi:
Detaylı Bibliyografya
Yazar: Ahearne, Jeremy (autor)
Materyal Türü: Kitap
Dil:İngilizce
Baskı/Yayın Bilgisi: Stanford, EUA : Stanford University, 1995, c1995
Seri Bilgileri:(Key Contemporary Thinkers)
Konular:
Etiketler: Etiketle
Etiket eklenmemiş, İlk siz ekleyin!

MARC

LEADER 00000nam^a2200000^a^4500
001 000185687
005 20250521000000.0
009 20260310102158.656
020 |a 0-8047-2672-8 
037 |a Acervo ITESO - Biblioteca 
041 |a ING 
082 |a 901.  |b AHE 
100 |a Ahearne, Jeremy  |e (autor) 
245 1 0 |a Michel de Certeau :  |b Interpretation and Its Other /  |c J. Ahearne. 
264 4 |a Stanford, EUA :  |b Stanford University,  |c 1995, c1995 
300 |a IX, 227 p. 
336 |a texto  |b txt  |2 rdacontenido 
337 |a sin mediación  |b n  |2 rdamedio 
338 |a volumen  |b nc  |2 rdasoporte 
440 1 |a (Key Contemporary Thinkers) 
649 |a XX 
650 |a Historiadores Franceses 
650 |a Intelectuales Franceses 
650 |a Hermenéutica 
650 |a Historiografía 
650 |a Historia -  |x Fuentes 
650 |a Historia -  |x Filosofía 
650 |a Arqueología -  |x Teoría 
650 |a Mitología 
650 |a Cultura Popular 
650 |a Política Lingüística 
650 |a Sociología de la Cultura 
650 |a Posesión Demoníaca -  |z Loudun, Francia 
650 |a Misticismo 
650 |a Religión -  |x Filosofía 
650 |a Certeau, Michel de 
650 |a Foucault, Michel 
650 |a Bourdieu, Pierre 
910 |a Fondo General 
920 |a Impresos - Libros 
930 |a Colección General 
905 |a 101 
901 |a 0500127113  |b IT1  |c ACC  |u 20250521 
902 |a https://opac.biblio.iteso.mx/vufind/Record/000185687